La validez de la extinción del contrato de trabajo por mutuo acuerdo mediante escritura pública sin homologación judicial o administrativa (Registro nro. 29900)

Detalles MARC
000 -LEADER
fixed length control field 00422 a2200109 4500
001 - CONTROL NUMBER
control field ART_51256
005 - DATE AND TIME OF LATEST TRANSACTION
control field 20260410161945.0
008 - FIXED-LENGTH DATA ELEMENTS--GENERAL INFORMATION
fixed length control field 260409a
100 1# - MAIN ENTRY--PERSONAL NAME
Personal name Romero, Luis E.
245 10 - TITLE STATEMENT
Title La validez de la extinción del contrato de trabajo por mutuo acuerdo mediante escritura pública sin homologación judicial o administrativa
773 0# - HOST ITEM ENTRY
Title Temas de derecho laboral
Related parts - N° 10 (oct. 2020)
Record control number REV27619

No hay ítems disponibles.